Vector mechanics for engineers (Record no. 9114)

MARC details
000 -LEADER
fixed length control field 00470nam a2200217Ia 4500
001 - CONTROL NUMBER
control field 086230
003 - CONTROL NUMBER IDENTIFIER
control field YMCAF
005 - DATE AND TIME OF LATEST TRANSACTION
control field 20230512161542.0
008 - FIXED-LENGTH DATA ELEMENTS--GENERAL INFORMATION
fixed length control field 100717s2003 ||||||||||||||||| ||und|d
024 ## - OTHER STANDARD IDENTIFIER
Standard number or code 86230
035 ## - SYSTEM CONTROL NUMBER
System control number 25689
040 ## - CATALOGING SOURCE
Original cataloging agency YMCAF
Language of cataloging eng
Transcribing agency IN-KoLT
041 ## - LANGUAGE CODE
Language code of text/sound track or separate title eng
100 ## - MAIN ENTRY--PERSONAL NAME
Personal name Beer and Johnston
245 #0 - TITLE STATEMENT
Title Vector mechanics for engineers
250 ## - EDITION STATEMENT
Edition statement 3rd
260 ## - PUBLICATION, DISTRIBUTION, ETC.
Name of publisher, distributor, etc. TMH
Date of publication, distribution, etc. 2003
300 ## - PHYSICAL DESCRIPTION
Extent 1323
500 ## - GENERAL NOTE
General note Rs. 11552
942 ## - ADDED ENTRY ELEMENTS (KOHA)
Source of classification or shelving scheme Dewey Decimal Classification
Koha item type Books
Holdings
Withdrawn status Lost status Damaged status Not for loan Home library Current library Date acquired Cost, normal purchase price Total Checkouts Total Renewals Barcode Date last seen Date last checked out Cost, replacement price Price effective from Koha item type Public note G
        JC Bose University of Science & Technology JC Bose University of Science & Technology 17/07/2010 495.00 1 1 25693 24/10/2024 24/09/2024 495.00 12/05/2023 Books C 11578
        JC Bose University of Science & Technology JC Bose University of Science & Technology 17/07/2010 495.00     25689 12/05/2023   495.00 12/05/2023 Books C 11578
        JC Bose University of Science & Technology JC Bose University of Science & Technology 17/07/2010 495.00 1   25690 23/08/2023 02/08/2023 495.00 12/05/2023 Books C 11578
        JC Bose University of Science & Technology JC Bose University of Science & Technology 17/07/2010 495.00     25691 12/05/2023   495.00 12/05/2023 Books C 11578
        JC Bose University of Science & Technology JC Bose University of Science & Technology 17/07/2010 495.00     25692 12/05/2023   495.00 12/05/2023 Books C 11578